|
|
|
|
| LEADER |
01338nam a2200313 u 4500 |
| 001 |
10119422 |
| 003 |
upatras |
| 005 |
20210117205756.0 |
| 008 |
160311s1994 gr fre |
| 040 |
|
|
|a GR-PaULI
|c GR-PaULI
|
| 041 |
0 |
|
|a fre
|
| 082 |
1 |
4 |
|a 292.13
|2 22
|
| 100 |
1 |
|
|a Bonnechere, Pierre
|4 aut
|9 48575
|
| 245 |
1 |
0 |
|a Le sacrifice humain en Grece ancienne
|c Pierre Bonnechere.
|
| 260 |
|
|
|a Athenes
|b Centre international d'etude de la religion grecque antique
|c 1994
|
| 300 |
|
|
|a vii, 423 p.
|c 24 cm.
|
| 490 |
0 |
|
|a Kernos
|l Supplement
|v 3
|
| 504 |
|
|
|a Includes bibliographical references (p. [319]-361) and indexes.
|
| 650 |
|
4 |
|a Θυσία, Ανθρώπινη
|9 77761
|
| 650 |
|
4 |
|a Θυσία
|z Ελλάδα, Αρχαία
|9 139389
|
| 650 |
|
4 |
|a Τελετουργίες και τελετές
|z Ελλάδα, Αρχαία
|9 54744
|
| 650 |
|
4 |
|a Λατρεία
|z Ελλάδα, Αρχαία
|9 139390
|
| 651 |
|
4 |
|a Ελλάδα, Αρχαία
|x Θρησκεία
|9 77356
|
| 760 |
0 |
|
|a Kernos
|g 3
|
| 852 |
|
|
|a GR-PaULI
|b ΠΑΤΡΑ
|b ΘΕΑΤΡΟΛΟΓΙΑ
|k ΑΣΧΞ-3
|h 292.13 BON
|m 000928
|p 025000015099
|t 1
|
| 942 |
|
|
|2 ddc
|c BK15
|
| 952 |
|
|
|0 0
|1 0
|4 0
|6 292_130000000000000_BON
|7 0
|9 190221
|a THST
|b THST
|d 2016-04-24
|i 000928
|l 0
|o 292.13 BON
|p 025000015099
|r 2016-04-24 00:00:00
|t 1
|w 2016-04-24
|y BK15
|
| 998 |
|
|
|c ΜΑΝΙΑ
|d 2016-03
|
| 999 |
|
|
|c 117141
|d 117141
|